| 000 -CABECERA |
| fixed length control field |
01660nam a22002777a 4500 |
| 003 - IDENTIFICADOR DEL NÚMERO DE CONTROL |
| control field |
AR-CdUCM |
| 008 - DATOS DE LONGITUD FIJA--INFORMACIÓN GENERAL |
| fixed length control field |
190425b ||||| |||| 00| 0 spa d |
| 040 ## - FUENTE DE LA CATALOGACIÓN |
| Agencia/entidad que catalogó originalmente la obra |
MUNICIPALIDAD PROVINCIAL DEL CUSCO |
| Entidad que transcribió la catalogación |
BIBLIOTECA MUNICIPAL DEL CUSCO |
| 082 ## - NÚMERO DE LA CLASIFICACIÓN DECIMAL DEWEY |
| No. de Clasificación |
Oropesa/N°25/1997 |
| 245 ## - MENCIÓN DE TÍTULO |
| Título |
Oropesa : |
| Resto del título |
revista de cultura y educación de opinión y crítica / |
| Mención de responsabilidad |
Américo Valer Vargas, Director |
| 260 ## - PUBLICACIÓN, DISTRIBUCIÓN, ETC. |
| Lugar de publicación, distribución, etc. |
Cusco. |
| Nombre de la editorial, distribuidor, etc. |
Mercantil, |
| Fecha de publicación, distribución, etc. |
1997. |
| 300 ## - DESCRIPCIÓN FÍSICA |
| Nº de Páginas Extensión |
18 páginas. : |
| Otros detalles físicos |
ilustraciones ; |
| Dimensiones |
30 cm. |
| 440 ## - MENCIÓN DE SERIE/PUNTO DE ACCESO ADICIONAL--TÍTULO |
| Título |
Oropesa. |
| Número de la parte/sección de una obra |
Año XVI, N°XXV, junio 1997. |
| 9 (RLIN) |
47560 |
| 505 ## - NOTA DE CONTENIDO CON FORMATO |
| Nota de contenido formateada |
Contenido: G.U.E. Garcilaso de la Vega del Cusco XLVI años al servicio de la educación nacional. Américo Valer Vargas. -- Congreso de Toledo España. Washington Canal. -- Hacia la articulación secundaria universitaria. Elvio Miranda Zambrano. -- La provincia de Quispicanchi camino al progreso Municipalidad rinde homenaje al 172 aniversario de creación política inaugurando obras. -- Educación para los grandes cambios. -- Así se creo el festival del pan Tanta Raimy Oropesa. -- María Trinidad Enríquez Ladrón de Guevara. Emeteria Uñapillco Roca. -- El hombre y la identidad. Juvenal Pacheco Farfán. -- G.U.E. Inca Garcilaso de la Vega símbolo de modernidad e identidad.<br/> |
| 650 ## - PUNTO DE ACCESO ADICIONAL DE MATERIA--TÉRMINO DE MATERIA |
| Descriptor |
Política cusqueña |
| 9 (RLIN) |
47381 |
| 650 ## - PUNTO DE ACCESO ADICIONAL DE MATERIA--TÉRMINO DE MATERIA |
| Descriptor |
Gobiernos locales |
| 9 (RLIN) |
8462 |
| 650 ## - PUNTO DE ACCESO ADICIONAL DE MATERIA--TÉRMINO DE MATERIA |
| Descriptor |
Colegios del Cusco |
| 9 (RLIN) |
24467 |
| 650 ## - PUNTO DE ACCESO ADICIONAL DE MATERIA--TÉRMINO DE MATERIA |
| Descriptor |
Sociedad cusqueña |
| 9 (RLIN) |
47493 |
| 650 ## - PUNTO DE ACCESO ADICIONAL DE MATERIA--TÉRMINO DE MATERIA |
| Descriptor |
Siglo XX |
| 9 (RLIN) |
47561 |
| 700 ## - PUNTO DE ACCESO ADICIONAL--NOMBRE DE PERSONA |
| Nombre Personal |
Valer Vargas, Américo |
| 9 (RLIN) |
47562 |
| 700 ## - PUNTO DE ACCESO ADICIONAL--NOMBRE DE PERSONA |
| Nombre Personal |
Miranda Zambrano, Elvio |
| 9 (RLIN) |
9636 |
| 700 ## - PUNTO DE ACCESO ADICIONAL--NOMBRE DE PERSONA |
| Nombre Personal |
Valer Vargas, Alejandro |
| 9 (RLIN) |
47563 |
| 700 ## - PUNTO DE ACCESO ADICIONAL--NOMBRE DE PERSONA |
| Nombre Personal |
Pacheco Farfán, Juvenal |
| 9 (RLIN) |
47564 |
| 942 ## - ELEMENTOS DE PUNTO DE ACCESO ADICIONAL (KOHA) |
| Fuente de clasificación |
|
| Tipo de item |
Revistas cusqueñas |
| 945 ## - PROCESAMIENTO DE INFORMACIÓN LOCAL (OCLC) |
| Catalogador |
rac |